Statistiques concernant Top 20 des meilleurs duo du foot europeen (2021-2022)

Cliquez ici pour prendre le quiz!

Statistiques générales

  • Ce quiz a été pris 371 fois
  • Le résultat moyen est 15 sur 20

Statistiques - réponses

ClubGoals contributionPlayer 1% Correct
PSG41Mbappe / Neymar
99%
Real Madrid44Benzema / Vinicius
98%
Liverpool39Salah / Mane
97%
Tottenham40Son / Kane
97%
Bayern Munich49Lewandowski / Gnabry
94%
Borussia Dortmund31Haaland / Reus
93%
Manchester United28Ronaldo / Bruno Fernandes
92%
Manchester City28De Bruyne / Sterling
88%
Monaco34Ben Yedder / Volland
86%
Lazio38Immobile / Milinkovic-Savic
86%
Inter34Martinez / Dzeko
86%
Leicester27Vardy / Maddison
82%
RB Leipzig31Nkunku / Silva
74%
Rennes33Terrier / Laborde
72%
Bayer Lerverkusen37Schick / Diaby
65%
Olympique Lyonnais33Dembele / Toko Ekambi
61%
OGC Nice26Delort / Gouiri
55%
AS Roma26Abraham / Pellegrini
42%
Sassuolo31
Scamacca / Berardi
39%
Hellas Verone29Simeone / Caprari
13%

Distribution des résultats

Percentile par nombre de réponses

% des personnes avec chaque résultat

Votre développement - résultats

Vous n’avez pas pris ce quiz